| 000 | 00811nam a22002417a 4500 | ||
|---|---|---|---|
| 999 |
_c257410 _d257409 |
||
| 003 | OSt | ||
| 005 | 20250117122259.0 | ||
| 008 | 181108b xxu||||| |||| 00| 0 eng d | ||
| 010 | _a2013454614 | ||
| 020 | _a9781609010638 | ||
| 040 |
_aDLC _beng _cDLC _dRU _erda |
||
| 050 |
_aTT507 _b .S65 2013 |
||
| 100 | _a Smith, Stacy Stewart. | ||
| 245 |
_aCAD for fashion design and merchandising / _c Stacy Stewart Smith. |
||
| 246 | _a Computer aided design for fashion design and merchandising | ||
| 260 |
_aNew York : _b Fairchild Books, _c2013 |
||
| 300 |
_a xxxiv, 557 pages : _b color illustrations ; _c 31 cm + _e 2 computer discs (4 3/4 in.) |
||
| 500 | _aincludes index | ||
| 650 | _a Fashion design. | ||
| 650 | _aFashion merchandising. | ||
| 650 |
_aCAD/CAM systems _v Software. |
||
| 942 |
_2lcc _cBK |
||